Kalkulace v průmyslu a její vztah k rozpočetnictví a účetnictví

Gespeichert in:
Bibliographische Detailangaben
1. Verfasser: Maurer, Josef
Weitere Verfasser: Vondrák, Jiří
Format: Buch
Sprache:Tschechisch
Veröffentlicht: Praha Státní pedagogické nakladatelství 1984
Schriftenreihe:Odborná literatura pro veřejnost
Tags: Tag hinzufügen
Keine Tags, Fügen Sie das erste Tag hinzu!

MARC

LEADER 00000nam a2200000 4500
001 c111086
005 20160527094441.8
041 0 |a cze 
044 |a CZ 
245 1 0 |a Kalkulace v průmyslu a její vztah k rozpočetnictví a účetnictví  |c Josef Maurer, Jiří Vondrák 
264 1 |a Praha  |b Státní pedagogické nakladatelství  |c 1984 
300 |a 247 s. 
490 1 |a Odborná literatura pro veřejnost 
830 0 |a Odborná literatura pro veřejnost 
100 1 |a Maurer, Josef 
700 1 |a Vondrák, Jiří